Identification of star firms and decoding investment in intangibles: Evidence from the INDIAN manufacturing industry (Record no. 533261)

000 -LEADER
fixed length control field 01325nam a22001337a 4500
008 - FIXED-LENGTH DATA ELEMENTS--GENERAL INFORMATION
fixed length control field 260505b ||||| |||| 00| 0 eng d
100 ## - MAIN ENTRY--PERSONAL NAME
Personal name Behera, Jitamitra and Sharma, Ruchi
245 ## - TITLE STATEMENT
Title Identification of star firms and decoding investment in intangibles: Evidence from the INDIAN manufacturing industry
260 ## - PUBLICATION, DISTRIBUTION, ETC. (IMPRINT)
Place of publication, distribution, etc Economic & Political Weekly
300 ## - PHYSICAL DESCRIPTION
Extent 61(16), Apr 18, 2026: p.80-89
520 ## - SUMMARY, ETC.
Summary, etc The star firms phenomenon, focusing on the changing structure of investment dynamism in Indian manufacturing industries, is explored. Analysing firm-level information from the Centre for Monitoring Indian Economy Prowess database for 2000 to 2023, this study investigates the emergence of star (superstar) firms and presents a comparative analysis highlighting intangible expenditure and intangible assets. We find that star firms are intangible-intensive relative to non-star peers and such investment in intangibles increases the likelihood of transforming a firm into a star. So, a regulatory framework is suggested that encourages investment in intangibles to leverage scale advantage and enhance performance. –Reproduced

https://www.epw.in/journal/indias-industrial-transformation/identification-star-firms-and-decoding-investment.html
773 ## - HOST ITEM ENTRY
Main entry heading Economic & Political Weekly
942 ## - ADDED ENTRY ELEMENTS (KOHA)
Item type Articles
Holdings
Withdrawn status Lost status Source of classification or shelving scheme Damaged status Not for loan Permanent location Current location Date acquired Serial Enumeration / chronology Barcode Date last seen Koha item type
          Indian Institute of Public Administration Indian Institute of Public Administration 2026-05-05 61(16), Apr 18, 2026: p.80-89 AR138773 2026-05-05 Articles

Powered by Koha